| 000 | 00908 a2200301 4500 | ||
|---|---|---|---|
| 001 | 72573 | ||
| 999 |
_c72573 _d20863 |
||
| 003 | TR-AnTOB | ||
| 005 | 20231201100206.0 | ||
| 008 | 081118s2008 tu 00000 tur | ||
| 020 | _a9789944578332 | ||
| 040 | _aTR-AnTOB | ||
| 041 | _atur | ||
| 050 |
_aDR432 _b.M554 2008 |
||
| 090 | _aDR432 .M554 2008 | ||
| 245 | 0 |
_aMilli hallerimiz : _byurttaşlık ve milliyetçilik : _bfarkında mıyız? / _cyay.haz. Nil Mutluer, Esra Güçlüer. |
|
| 264 | 1 |
_aİstanbul: _bHelsinki Yurttaşlar Derneği, _c2008. |
|
| 300 |
_a173 s. : _bres. ; _c26 cm. |
||
| 650 |
_aNationalism _zTurkey _917233 |
||
| 650 | 7 |
_aYurttaşlık _zTürkiye _2 _922119 |
|
| 650 | 0 |
_aCitizenship _zTurkey _922121 |
|
| 650 | 7 |
_aMilliyetçilik _zTürkiye _2etuturkob _97325 |
|
| 700 |
_aMutluer, Nil _949157 |
||
| 700 |
_aGüçlüer, Esra _949158 |
||
| 902 | _a0026685 | ||
| 903 | _aMerkez Kütüphane | ||
| 945 | _aMC,BS | ||
| 942 | _cBK | ||